| 000 | 00597nam a22001937a 4500 | ||
|---|---|---|---|
| 005 | 20241129161819.0 | ||
| 008 | 241129b |||||||| |||| 00| 0 eng d | ||
| 020 | _a9780471263180 | ||
| 050 |
_aHD58.7 _b.S34 SCH |
||
| 100 | _aSchermerhorn John R. | ||
| 245 |
_aOrganizational Behavior/ _cJohn R. Schermerhorn, James G. Hunt & Richard N. Osborn |
||
| 250 | _a8th Ed. | ||
| 260 |
_aNew York _bJohn Wiley & Sons, Inc _c2003 |
||
| 300 |
_aviii. 535p. _c28 cm x 22 cm |
||
| 650 | _2Organizational Behavior | ||
| 700 | _aHunt James G. | ||
| 700 | _aOsborn Richard N. | ||
| 942 |
_2lcc _cBK _e8th Ed. _n0 |
||
| 999 |
_c1773 _d1773 |
||